[Event "36 R.G.Nezhmetdinov Memorial"]
[Site "Kazan, Russia"]
[Date "2014.06.08"]
[Round "9.49"]
[White "Kitov, Matvey"]
[Black "Bubnov, Kirill"]
[Result "0-1"]
[WhiteElo "1839"]
[BlackElo "1871"]
[PlyCount "22"]
[EventDate "2014.??.??"]

1. d4 Nf6 2. c4 g6 3. Nc3 Bg7 4. e4 d6 5. f3 O-O 6. Be3 e5 7. d5 Nh5 8. Qd2 Nd7
9. g4 Nf4 10. Nh3 Nxh3 11. Bxh3 Qh4+ 0-1

[Event "36 R.G.Nezhmetdinov Memorial"]
[Site "Kazan, Russia"]
[Date "2014.06.08"]
[Round "9.50"]
[White "Faizrakhmanov, Ildar"]
[Black "Zhanazarov, Iskander"]
[Result "1/2-1/2"]
[WhiteElo "1721"]
[BlackElo "1764"]
[PlyCount "112"]
[EventDate "2014.??.??"]

1. e4 e5 2. Nf3 Nc6 3. Bb5 a6 4. Ba4 Nf6 5. O-O Be7 6. Re1 b5 7. Bb3 O-O 8. c3
d6 9. h3 Na5 10. Bc2 c5 11. d4 Qc7 12. Bg5 cxd4 13. cxd4 Nc4 14. b3 Nb6 15.
Nbd2 Ne8 16. Bxe7 Qxe7 17. Nf1 Bb7 18. Rc1 g6 19. Ng3 h6 20. Qd2 Kh7 21. Qe3
Nd7 22. b4 Ng7 23. a3 Rac8 24. Bd3 f6 25. d5 Rxc1 26. Rxc1 Rc8 27. Rxc8 Bxc8
28. Qa7 Qd8 29. Qe3 Qb6 30. Qc1 Bb7 31. a4 bxa4 32. Qa3 Nb8 33. Qxa4 Bc8 34.
Nd2 Bd7 35. Qb3 Bb5 36. Nc4 Qc7 37. Ne2 f5 38. Ng3 fxe4 39. Nxe4 Nf5 40. Kh2
Kg7 41. Ned2 Nd4 42. Qb2 Nd7 43. Bf1 Nf6 44. Ne3 Bxf1 45. Ndxf1 Qb7 46. Qa2 Nb5
47. Qc4 Nc7 48. Qc6 Qxc6 49. dxc6 Nfd5 50. Nxd5 Nxd5 51. Ne3 Nc7 52. Nc4 Nb5
53. Na3 Nc7 54. Nc4 Nb5 55. Na3 Nc7 56. Nc4 Nb5 1/2-1/2